000
00216 a2200097 4500
001
46979
100
_a
Taylor T
245
_a
The Breaking Wave
260
_a
London
_b
Weidenfeld & Nicolson
_c
090
_c
30048
_d
30048
942
_a
NUST-CAE
_c
M
_c
22279
999
_c
282052
_d
282052